Luxembourg in the Eurovision Song Contest - Statistics

General Stats
  • This quiz has been taken 11 times
    4 since last reset
  • The average score is 2 of 41
Answer Stats
Answer % Correct
Fighter
100%
Mother Nature
100%
La poupée monte le son
33%
100% d'amour
0%
À force de prier
0%
Amour amour
0%
Après toi
0%
Bye Bye I Love You
0%
Catherine
0%
Ce soir je t'attendais
0%
C'est peut-être pas l'Amérique
0%
Chansons pour ceux qui s'aiment
0%
Children, Kinder, Enfants
0%
Cours après le temps
0%
Croire
0%
Dès que le printemps revient
0%
Donne-moi une chance
0%
Frère Jacques
0%
J'ai déjà vu ça dans tes yeux
0%
Je suis tombé du ciel
0%
L'Amour de ma vie
0%
L'amour est bleu
0%
Les Amants de minuit
0%
Monsieur
0%
Ne crois pas
0%
Nous les amoureux
0%
Nous vivrons d'amour
0%
Papa Pingouin
0%
Parlez-vous français?
0%
Petit bonhomme
0%
Pomme, pomme, pomme
0%
Poupée de cire, poupée de son
0%
Quand je te rêve
0%
Si la vie est cadeau
0%
So laang we's du do bast
0%
Sou fräi
0%
Tant de peine
0%
Toi
0%
Tu te reconnaîtras
0%
Un baiser volé
0%
Un grand amour
0%
No matching quizzes found
Score Distribution
Percent of People with Each Score
Percentile by Number Answered
Your Score History
You have not taken this quiz since the last reset